| 000 | 01385nam0a22002771 4500 | ||
|---|---|---|---|
| 001 | rc\631910 | ||
| 005 | 20031121164422.3 | ||
| 035 | _a(NLR Aleph) 005874032 | ||
| 090 |
_a6008783 _c6008783 |
||
| 100 | _a20031121d1986 u |0rusy50 ca | ||
| 101 | 0 | _arus | |
| 102 | _aRU | ||
| 105 | _ay ||||||||| | ||
| 200 | 1 |
_aМЕДИКО-СОЦИАЛЬНЫЕ вопросы алкоголизма и борьбы за трезвый образ жизни плавсостава _e(Метод. рекомендации) _fАрханг. обл. орг. о-ва "Знание" РСФСР и др. _g[Подгот. врачом К.А. Шаповаловым] |
|
| 210 |
_aАрхангельск _cБ. и. _d1986 |
||
| 215 |
_a[1], 20 с. _d20 |
||
| 225 | 1 | _aВ помощь лектору | |
| 300 | _aВ надзаг. также: Судовой отд. Сев. центр. бассейн. клин. больницы им. Н.А. Семашко, Совет Сев. мор. пароходства Всесоюз. добр. о-ва борьбы за трезвость | ||
| 320 | _aБиблиогр.: с. 20 | ||
| 702 | 1 |
_aШаповалов _bК. А. _4570 |
|
| 712 | 0 | 2 |
_a"Знание", о-во РСФСР _bАрхангельское обл. отделение _3RU\NLR\AUTH\889960928 |
| 801 | 0 |
_aRU _bNLR _gpsbo |
|
| 801 | 1 |
_aRU _bELAR _2rusmarc |
|
| 852 |
_aNLR _j89-4/3205 |
||
| 942 | _cBOOK | ||
| 980 | _aNB | ||